|
|
|
|
| LEADER |
01348nam a2200277 a 4500 |
| 001 |
832616 |
| 008 |
090505r19841978enka b 001 0 eng d |
| 010 |
|
|
|a \\\77030455
|
| 020 |
|
|
|a 0192642294 :
|c £1.95
|
| 040 |
|
|
|a DLC
|c DLC
|d DLC
|
| 082 |
0 |
0 |
|a 618.9/2
|2 17
|
| 100 |
1 |
|
|a King, Maurice H.
|q (Maurice Henry)
|
| 245 |
1 |
0 |
|a Primary child care :
|b a manual for health workers /
|c Maurice King, Felicity King, Soebagyo Martodipoero.
|
| 260 |
|
|
|a Oxford ;
|a New York :
|b Oxford University Press,
|c 1978.[Reprinted 1984]
|
| 300 |
|
|
|a xi, 315 p. :
|b ill. ;
|c 25 cm.
|
| 490 |
0 |
|
|a Oxford medical publications
|
| 504 |
|
|
|a Includes bibliographical references and index.
|
| 541 |
1 |
|
|e 00002836
|
| 650 |
|
0 |
|a Pediatrics
|x Handbooks, manuals, etc.
|
| 650 |
|
0 |
|a Child health services
|z Developing countries
|x Handbooks, manuals, etc.
|
| 700 |
2 |
|
|a Savage King, F.
|q (Felicity),
|d 1939-
|e joint author.
|
| 700 |
1 |
|
|a Martodipoero,Soebagyo
|
| 852 |
4 |
|
|a Ayesha Abed Library
|j General shelf
|
| 999 |
|
|
|c 8653
|d 8653
|
| 952 |
|
|
|0 0
|1 0
|2 ddc
|4 0
|6 618_920000000000000_KIN_1984
|7 0
|9 10370
|a BRACUL
|b BRACUL
|c GEN
|d 2010-05-19
|g 0.00
|l 1
|o 618.92 KIN
|p 3010002836
|r 2014-09-11
|s 2014-09-07
|t 1
|w 2010-05-19
|y BK
|
| 952 |
|
|
|0 0
|1 0
|2 ddc
|4 0
|6 618_920000000000000_KIN_1984
|7 0
|9 10373
|a BRACUL
|b BRACUL
|c GEN
|d 2010-05-19
|g 0.00
|l 0
|o 618.92 KIN
|p 3010002287
|r 2010-05-19
|t 2
|w 2010-05-19
|y BK
|z Not price in Register
|